| 000 | 01213nam a2200241 a 4500 | ||
|---|---|---|---|
| 001 | 39602 | ||
| 003 | BD-RjUL | ||
| 005 | 20211209053026.0 | ||
| 008 | 160413s2013 bg ||||| |||| 001 0 ben d | ||
| 020 |
_a9789849025207 _c: Tk.520.00 |
||
| 035 | _a(BD-RjUL)39715 | ||
| 040 |
_aBD-RjUL _bben _cBD-RjUL |
||
| 041 | _aben | ||
| 082 |
_223 _a327.273 _bWIK 2013 |
||
| 245 | 0 | 0 |
_aউইকিলিকসে বাংলাদেশ : _bউইকিলিকস ওয়েবসাইটে প্রকাশিত ঢাকার মার্কিন দূতাবাসের গোপনীয় তারবার্তার সংকলন / _cসংকলন, অনুবাদ ও সম্পাদনা মশিউল আলম |
| 260 |
_aঢাকা : _bপ্রথমা প্রকাশন, _c২০১৩. |
||
| 300 |
_a৩৪৪ পৃ. ; _c২১ সেমি. |
||
| 500 | _aনির্ঘন্ট সংযুক্ত | ||
| 650 |
_aদূতাবাস _zযুক্তরাষ্ট্র _9121980 |
||
| 650 |
_aEmbassy _zUnited State _9121981 |
||
| 700 |
_aআলম, মশিউল, সংকলক, অনুবাদক ও সম্পাদক _9121982 |
||
| 942 |
_2ddc _cBK _08 |
||
| 999 |
_c39602 _d39602 |
||